00260nam a2200109 a 450000500170000000800410001705000170005810000190007524500200009426000300011444000060014420140414131916.0101019s19uu xx 00 eng d aERbT48 1997 aLewis, Kathryn aTime for lunch. bModern Curriculum,c1997. a